000 00369 a2200145 4500
999 _c11942
_d11942
003 OSt
005 20240111130318.0
008 240111b ||||| |||| 00| 0 eng d
020 _a9788957705766
082 _a720
100 _aEditorial Department
245 _aA & I Competition Architecture + Interior, Vol.4
260 _bArchitecture World History
942 _2ddc